00738nam a2200241 a 4500001001300000003000900013005001700022008004100039020002300080082002200103100002500125245003200150260003600182300000900218500003500227505002400262650001800286700002500304902000800329942000700337952013500344999001700479nice12345678IN_TiNIC20260116013256.0050524s1991 dela grp 000 0 eng  a8171696 c30000a305.6297054bAHM2 aAhmad, Sarfarazuddin aRural Muslims in Transition aDelhi bCommenwealth Pub c1991 a272p aincludes index and biblioraphy2 aBibliography, Index aMuslims-India1 aAhmad, Sarfarazuddin bSRS cBK 001040708StackRoom-aHMIbHMId2007-03-28g300.00l1o305.6297054 AHM2p018039r2018-09-05s2018-08-14v300.00w2005-05-24yBK c10362d10362